000 00699nam a22002297a 4500
003 UA-OsUOA
001 47059
007 ta
008 20070711b un ||||| |||| 00| 0 ukr d
100 _aП.С. Вовк
090 _a81,34
_bП11
942 _cBK
040 _aUA-OsUOA
_bukr
_cUA-OsUOA
_dUA-OsUOA
245 _aТеорія центрів і периферії фонологічної та акцентологічної систем
300 _a164 с.
955 _a2
041 _aukr
080 _a81,34
260 _aК.
_bІЗМН
_c1997
650 7 _a8 Мовознавство. Художня література. Літературознавство
_2UDC
999 _c333154
_d333154